[Event "2nd Grand Europe Open 2013"]
[Site "Golden Sands BUL"]
[Date "2013.06.11"]
[Round "2.5"]
[White "Arngrimsson,D"]
[Black "Svetushkin,D"]
[Result "1/2-1/2"]
[WhiteElo "2396"]
[BlackElo "2605"]

1.Nf3 d5 2.d4 Nf6 3.c4 c6 4.Nc3 a6 5.a4 Bf5 6.Qb3 Ra7 7.Bf4 e6 8.e3 a5 9.Be2 Nbd7
10.O-O Be7 11.Nh4 Be4 12.cxd5 exd5 13.f3 Bg6 14.Nxg6 hxg6 15.e4 Bb4 16.exd5 Bxc3
17.bxc3 Nxd5 18.Bd6 Nf8 19.Qxd5 cxd5 20.Bb5+ Qd7 21.Rab1 Ne6 22.Ba3 Kd8 23.Bxd7 Kxd7
24.Rb5 Nc7 25.Rb3 Ne6 26.Rb5 Nc7 27.Rb6 Re8 28.Bc5 Kc8 29.Rfb1 Re3 30.R6b3 Ra6
31.Rxb7 Rxc3 32.Rb8+ Kd7 33.Rf8 Rf6 34.Rb7 Rc4 35.Bb6 Kc6 36.Rxc7+ Kxb6 37.Rcxf7 Rxf7
38.Rxf7 Rxa4 39.Rxg7 Rxd4 40.Rxg6+ Kb5 41.Rg8 a4 42.Ra8 Rd1+ 43.Kf2 Rd2+
44.Kg3 d4 45.h4 Rd1 46.Kf4 Re1 47.h5 d3 48.h6 Re7 49.Rb8+ Kc4 50.Rc8+ Kb3
51.Rd8 Kc3 52.Rc8+ Kb3 53.Rd8 Kc3 54.Rc8+  1/2-1/2

[Event "2nd Grand Europe Open 2013"]
[Site "Golden Sands BUL"]
[Date "2013.06.11"]
[Round "2.13"]
[White "Mareco,S"]
[Black "Georgescu,T"]
[Result "1-0"]
[WhiteElo "2557"]
[BlackElo "2375"]

1.d4 d5 2.c4 c6 3.Nf3 Nf6 4.Nc3 a6 5.e3 Bf5 6.a4 e6 7.Nh4 Be4 8.f3 Bg6 9.Qb3 Qc7
10.Bd2 Nbd7 11.Rc1 Bd6 12.g3 O-O 13.cxd5 Nxd5 14.Be2 Qb6 15.Qxb6 N7xb6 16.a5 Nd7
17.e4 Nc7 18.Bc4 Bb4 19.Ne2 Bxd2+ 20.Kxd2 Rad8 21.Ke3 Rfe8 22.Rhd1 Kf8 23.Rd2 Nf6
24.Rcd1 Nb5 25.Ng2 Nd5+ 26.Kf2 Nd6 27.Bd3 Nb4 28.Ngf4 f6 29.Nxg6+ hxg6 30.h4 Kf7
31.Nc1 Rh8 32.Bf1 Rh5 33.Nb3 g5 34.hxg5 Rh2+ 35.Ke3 Nc2+ 36.Kd3 Nb4+ 37.Kc3 Na2+
38.Kc2 Nb4+ 39.Kc1 Rxd2 40.Kxd2 fxg5 41.Nc5 Nb5 42.Bxb5 cxb5 43.Kc3 Nc6 44.Nxb7 Rb8
45.d5 exd5 46.exd5 Ne5 47.Nc5 Rc8  1-0

[Event "15th Ajuinentornooi 2013"]
[Site "Aalst BEL"]
[Date "2013.06.12"]
[Round "9.2"]
[White "Goormachtigh,J"]
[Black "Smekens,R"]
[Result "1/2-1/2"]
[WhiteElo "2176"]
[BlackElo "1911"]

1.d4 d5 2.Nf3 Nf6 3.c4 c6 4.Nc3 a6 5.a4 dxc4 6.e3 Bf5 7.Bxc4 e6 8.O-O Nbd7
9.Qe2 b5 10.Bd3 Bxd3 11.Qxd3 Be7 12.e4 O-O 13.e5 Nd5 14.Nxd5 exd5 15.Be3 Nb6
16.b3 bxa4 17.bxa4 Nc4 18.Nd2 Nxe3 19.Qxe3 c5 20.dxc5 d4 21.Qe4 Bxc5 22.Rac1 Ba7
23.Nc4 Re8 24.Rfd1 Qd7 25.a5 Rab8 26.Nb6 Bxb6 27.axb6 Rxb6 28.Rxd4 Qe6 29.Qd5 Qxd5
30.Rxd5 g6 31.f4 Reb8 32.Rd7 Rb1 33.Rxb1 Rxb1+ 34.Kf2 a5 35.Ra7 Rb2+ 36.Kf3 Ra2
37.g4 Rxh2 38.Rxa5 h5 39.gxh5 Rxh5 40.Ra7 Rh1  1/2-1/2

[Event "2nd Grand Europe Open 2013"]
[Site "Golden Sands BUL"]
[Date "2013.06.15"]
[Round "6.11"]
[White "Georgiev,Vl"]
[Black "Dimitrov,R"]
[Result "1-0"]
[WhiteElo "2532"]
[BlackElo "2429"]

1.d4 d5 2.c4 c6 3.Nc3 Nf6 4.Nf3 a6 5.cxd5 cxd5 6.Bf4 Nc6 7.Rc1 Bf5 8.e3 Rc8
9.Be2 e6 10.O-O Be7 11.Qb3 Nh5 12.Qxb7 Nxf4 13.exf4 Na5 14.Qxa6 O-O 15.Na4 Nc4
16.Bxc4 dxc4 17.Ne5 Qxd4 18.Nc6 Rxc6 19.Qxc6 Bd3 20.Rfd1 Qxf4 21.Nc5 Be2
22.Re1 Bd6 23.g3 Bf3 24.Ne4 Qh6 25.Qxc4 Be7 26.Qd3 Qh5 27.Re3 Rd8 28.Qc3 Bg4
29.Rd3 Re8 30.f3 Bh3 31.Qc6 Rf8 32.Qd7 Qh6 33.Rc8 e5 34.Rxf8+ Bxf8 35.Qc7 Qa6
36.Nf2 h5 37.Qxe5 Qxa2 38.Rd8 Qb1+ 39.Rd1 Qc2 40.Qc3 Qa4 41.b3 Qa7 42.b4 Be6
43.Rd8 Qe7 44.Qd4 Kh7 45.b5 g6 46.Qb6 Bg7 47.Qd6 Qb7 48.Kg2 h4 49.gxh4 Bf6
50.Re8 Bxh4 51.Rxe6  1-0

[Event "5th Lublin Union Mem GM"]
[Site "Lublin POL"]
[Date "2013.06.15"]
[Round "1.3"]
[White "Sulypa,A"]
[Black "Semcesen,D"]
[Result "1/2-1/2"]
[WhiteElo "2508"]
[BlackElo "2431"]

1.d4 d5 2.c4 c6 3.Nf3 Nf6 4.Nc3 a6 5.g3 Bf5 6.Bg2 h6 7.Qb3 Ra7 8.cxd5 cxd5
9.Ne5 e6 10.Bf4 Nbd7 11.O-O Be7 12.Rac1 O-O 13.Rfd1 Bh7 14.Nxd7 Qxd7 15.Na4 b5
16.Nc5 Qd8 17.a4 bxa4 18.Qxa4 Qb6 19.b3 a5 20.Ra1 Rfa8 21.Rdc1 Bg6 22.Bd2 Bd6
23.Ra2 Kh7 24.e3 e5 25.Bf1 Bf5 26.dxe5 Bxe5 27.Bd3 Bxd3 28.Nxd3 Qb8 29.Nxe5 Qxe5
30.Bc3 Qf5 31.Bd4 Ra6 32.Qb5 Ne4 33.Qe2 Ng5 34.Kg2 Qh3+ 35.Kg1 Qf5 36.Kg2 Qh3+
37.Kg1 Qf5 38.Kg2 Qh3+ 39.Kg1 Qf5 40.Kg2 Qh3+ 41.Kg1  1/2-1/2

[Event "Portuguese Masters"]
[Site "Sintra POR"]
[Date "2013.06.15"]
[Round "8.1"]
[White "Rego,P"]
[Black "Diogo,V"]
[Result "1/2-1/2"]
[WhiteElo "2262"]
[BlackElo "2292"]

1.Nf3 d5 2.d4 c6 3.c4 Nf6 4.Nc3 a6 5.a4 Bf5 6.Bf4 e6 7.Qb3 Qc8 8.e3 h6 9.h3 a5
10.Rc1 Na6 11.cxd5 exd5 12.Be2 Be7 13.O-O O-O 14.Ne5 Nb4 15.Na2 Ne4 16.Nxb4 Bxb4
17.Qa2 Re8 18.f3 Nd2 19.Rfd1 g5 20.Bg3 f6 21.Be1 fxe5 22.Bxd2 exd4 23.e4 Be6
24.Bxb4 axb4 25.Rxd4 dxe4 26.Bc4 Bxc4 27.Qxc4+ Qe6 28.Rxe4 Qxc4 29.Rxe8+ Rxe8
30.Rxc4 b5 31.axb5 cxb5 32.Rxb4 Re5 33.Kf2 Kf7 34.Rd4 Rc5 35.Rd7+ Kf6 36.Rd6+ Kg7
37.Ke3 h5 38.g4 hxg4 39.hxg4 Kf7 40.Rb6 Ke7 41.b4 Rc3+ 42.Kf2 Rc2+ 43.Kg3 Rb2
44.Rxb5 Kf6 45.Rf5+ Kg6 46.b5 Kh6 47.Rc5 Kg6 48.Rc6+ Kg7 49.b6 Kf7 50.Rc7+ Kg6
51.b7 Kf6 52.Rc6+ Kg7 53.Rc3 Rxb7 54.f4 gxf4+ 55.Kxf4 Ra7 56.Rc6 Rb7 57.Kg5 Rb5+
58.Kh4 Ra5 59.g5 Ra1 60.Rc7+ Kg6 61.Rc6+ Kg7 62.Rc7+  1/2-1/2

[Event "8th Teplice Open 2013"]
[Site "Teplice CZE"]
[Date "2013.06.19"]
[Round "5.56"]
[White "Valenta,P"]
[Black "Sigurdsson,Ja"]
[Result "1/2-1/2"]
[WhiteElo "1963"]
[BlackElo "1768"]

1.d4 d5 2.c4 c6 3.Nf3 Nf6 4.Nc3 a6 5.e3 Bf5 6.cxd5 cxd5 7.Qb3 b5 8.a4 b4
9.Qxb4 Nc6 10.Qb3 Rb8 11.Qd1 Nb4 12.e4 Nxe4 13.Na2 e6 14.Bf4 Bd6 15.Nxb4 Rxb4
16.Bxd6 Qxd6 17.Bd3 Rxb2 18.O-O O-O 19.Rc1 Bg4 20.Rc2 Rxc2 21.Bxc2 Qf4 22.Qd3 Bxf3
23.gxf3 Ng5 24.Bd1 Qh4 25.Kh1 Nh3 26.Qe3 Qf4 27.Qd3 Qh4 28.Qe3 Qf4 29.Qd3 Qh4
30.Qe3 Qf4  1/2-1/2

[Event "Alushta Summer-2013-3"]
[Site "Alushta UKR"]
[Date "2013.06.20"]
[Round "9"]
[White "Iljin,T"]
[Black "Shtyrenkov,V"]
[Result "1/2-1/2"]
[WhiteElo "2410"]
[BlackElo "2329"]

1.d4 d5 2.c4 c6 3.Nf3 Nf6 4.Nc3 a6 5.c5 g6 6.Bf4 Nh5 7.Bd2 Bg7 8.e4 dxe4
9.Nxe4 O-O 10.Be3 Be6 11.h3 Nd7 12.Nfg5 Bd5 13.Nc3 Nhf6 14.Nf3  1/2-1/2

[Event "8th Teplice Open 2013"]
[Site "Teplice CZE"]
[Date "2013.06.20"]
[Round "6.65"]
[White "Frijling,J"]
[Black "Holy,Filip"]
[Result "0-1"]
[WhiteElo "1826"]
[BlackElo "1625"]

1.d4 d5 2.c4 c6 3.Nf3 Nf6 4.Nc3 a6 5.e3 b5 6.cxd5 cxd5 7.Bd3 Bg4 8.h3 Bh5
9.g4 Bg6 10.g5 Ne4 11.h4 Nxc3 12.bxc3 e6 13.h5 Be4 14.Rg1 Qa5 15.Ne5 Nd7
16.Bxe4 Nxe5 17.Bxd5 exd5 18.dxe5 Qxc3+ 19.Bd2 Qxe5 20.Rc1 Ba3 21.Rc6 O-O
22.g6 fxg6 23.Bc3 Qf5 24.Rg2 Rac8 25.Rxc8 Rxc8 26.Qd4 Rc7 27.hxg6 h6 28.Rg4 Rxc3
29.Qxc3 Qxg4 30.Qxa3 Qxg6 31.Qe7 Qb1+ 32.Ke2 Qc2+ 33.Kf1 Qxa2 34.Qe6+ Kf8
35.Qc8+ Ke7 36.Qc7+ Kf6 37.Qd6+ Kf5 38.Qf4+ Ke6 39.Qg4+ Ke7 40.Qxg7+ Kd6
41.Qf8+ Kc6 42.Qxh6+ Kc5 43.Qf8+ Kc4 44.Qf4+ Kb3 45.Qg3 Qb1+ 46.Kg2 Qe4+
47.Kf1 a5 48.f4 a4 49.f5 Qxf5+ 50.Ke2 Qe4 51.Qg7 a3 52.Kd2 Qc2+ 53.Ke1 Qc3+  0-1

[Event "III Marcel Duchamp Boca Jun Op"]
[Site "Buenos Aires ARG"]
[Date "2013.06.21"]
[Round "2.12"]
[White "Conde,Ad"]
[Black "Calderon Fernandez,G"]
[Result "1/2-1/2"]
[WhiteElo "2030"]
[BlackElo "2331"]

1.d4 d5 2.c4 c6 3.Nf3 Nf6 4.Nc3 a6 5.a4 e6 6.Bg5 a5 7.e3 Be7 8.Bd3 O-O 9.O-O Na6
10.Rc1 Nb4 11.Bb1 b6 12.cxd5 exd5 13.Ne5 Nd7 14.Bf4 Nxe5 15.Bxe5 Ba6 16.Re1 Bd6
17.Bxd6 Qxd6 18.e4 dxe4 19.Nxe4 Qd5 20.Nc3 Qd7 21.Re4 Rad8 22.Rh4 h6 23.Qf3 Rfe8
24.h3 Qe7 25.Re4 Qg5 26.Rce1 Rxe4 27.Qxe4 g6 28.h4 Qf6 29.h5 Qxd4 30.Rd1 Nd3
31.Bxd3 Bxd3 32.Qxd4 Rxd4 33.hxg6 fxg6 34.Ne2 Rd7 35.Nf4 Bf5 36.Rxd7 Bxd7
37.Nxg6 c5 38.Ne7+ Kf7 39.Nd5 Bxa4 40.Nxb6 Bb3 41.Nd7 c4 42.Nc5 c3 43.bxc3 a4
44.Kh2 Bc2 45.Na6 a3 46.Nb4 Bb3 47.Kg3 Ke6 48.Kf4 Kd6 49.Ke3 h5 50.g3 Ke5
51.Kd3 Kf5 52.c4 Kg4 53.c5 Kf3 54.Kc3 Ba4 55.Nd3 Ke2 56.c6 Bxc6 57.Nf4+ Kd1
58.Kb3 Ke1 59.Nxh5 Kxf2 60.g4  1/2-1/2

[Event "US Juniors 2013"]
[Site "Saint Louis USA"]
[Date "2013.06.21"]
[Round "7.2"]
[White "Shen,V"]
[Black "Shetty,A"]
[Result "1-0"]
[WhiteElo "2411"]
[BlackElo "2320"]

1.d4 d5 2.c4 c6 3.Nf3 Nf6 4.Nc3 a6 5.e3 e6 6.b3 Bb4 7.Bd2 O-O 8.Bd3 Nbd7
9.O-O Bd6 10.e4 dxc4 11.bxc4 e5 12.c5 Bc7 13.Qc2 exd4 14.Ne2 Qe7 15.Rac1 Ng4
16.Nexd4 Nde5 17.Be2 Rd8 18.h3 Nxf3+ 19.Nxf3 Ne5 20.Nh2 Ng6 21.f4 Qh4 22.Be1 Qh6
23.f5 Nf4 24.Bc4 b5 25.cxb6 Bxb6+ 26.Kh1 Bc7 27.Rd1 Qg5 28.Rxd8+ Qxd8 29.Nf3 h6
30.Bh4 Qe8 31.Re1 c5 32.Bg3 Bb7 33.e5 Nh5 34.Bh2 Bxf3 35.gxf3 Kh8 36.Qb3 Rb8
37.Qe3 Rb2 38.Re2 Rb1+ 39.Kg2 Qa4 40.Bb3 Qh4 41.Bxf7 c4 42.f4 c3 43.Qc5 Qd8
44.Bxh5 Bb6 45.Qxc3 Qd1 46.Qf3 Qd4 47.Kg3 Rc1 48.Qe4 Rc3+ 49.Bf3 Qd8 50.e6 Qe7
51.Rc2 Ra3 52.Rc8+ Bd8 53.f6 gxf6 54.Qd5 Qg7+ 55.Kf2 Qa7+ 56.Kf1  1-0

[Event "8th Teplice Open 2013"]
[Site "Teplice CZE"]
[Date "2013.06.23"]
[Round "9.52"]
[White "Cenek,M1"]
[Black "Sigurdsson,Ja"]
[Result "1-0"]
[WhiteElo "1878"]
[BlackElo "1768"]

1.d4 d5 2.c4 c6 3.Nc3 Nf6 4.Nf3 a6 5.a4 e6 6.e3 c5 7.Be2 Nc6 8.cxd5 exd5
9.O-O Be7 10.b3 cxd4 11.Nxd4 Qb6 12.a5 Nxa5 13.Na4 Qd8 14.Bb2 b5 15.Nc3 O-O
16.Bf3 b4 17.Nce2 Re8 18.Ng3 Bf8 19.Ndf5 Nc6 20.Bxf6 Qxf6 21.Bxd5 Bb7 22.e4 g6
23.Ne3 Red8 24.Ng4 Qe7 25.Rc1 Ne5 26.Ne3 Bxd5 27.Nxd5 Qa7 28.Qd2 Rac8 29.Qg5 Bg7
30.Ne7+  1-0

[Event "III Marcel Duchamp Boca Jun Op"]
[Site "Buenos Aires ARG"]
[Date "2013.06.24"]
[Round "4.26"]
[White "Conde,Ad"]
[Black "Leon,Ju"]
[Result "0-1"]
[WhiteElo "2030"]
[BlackElo "2280"]

1.d4 d5 2.c4 c6 3.Nf3 Nf6 4.Nc3 a6 5.a4 e6 6.Bg5 h6 7.Bh4 dxc4 8.e4 b5 9.e5 g5
10.Nxg5 hxg5 11.Bxg5 Be7 12.exf6 Bxf6 13.Bxf6 Qxf6 14.axb5 Rh4 15.Bxc4 Rxd4
16.Qe2 Rxc4 17.Ne4 Qf4 18.Qxc4 axb5 19.Nd6+ Qxd6 20.Qc1 Qe5+ 21.Kf1 Ra4 22.Rxa4 bxa4
23.h4 Ba6+ 24.Kg1 c5 25.Rh3 Nc6 26.Rc3 Nd4 27.Rxc5 Ne2+ 28.Kh1 Qe4 29.Qg5 Qb1+
30.Kh2 Qg1+ 31.Kh3 Qxf2 32.h5 Ng1+  0-1

[Event "TCh-MNE Prem 2013"]
[Site "Cetinje MNE"]
[Date "2013.06.24"]
[Round "1.5"]
[White "Potpara,N"]
[Black "Pajkovic,V"]
[Result "1-0"]
[WhiteElo "2236"]
[BlackElo "2426"]

1.d4 d5 2.c4 c6 3.Nf3 Nf6 4.Nc3 a6 5.e3 Bf5 6.Ne5 h6 7.Qb3 Ra7 8.cxd5 cxd5
9.Bd2 Nc6 10.Rc1 g6 11.f3 Be6 12.Nxc6 bxc6 13.Na4 Bg7 14.Nc5 Bf5 15.Nxa6 O-O
16.Rxc6 Qa8 17.Nb4 Rb8 18.Rc1 Bd7 19.Bd3 Ba4 20.Qc3 Ne8 21.b3 Bd7 22.O-O e5
23.dxe5 Bf8 24.Qd4 Nc7 25.Rxc7 Rxc7 26.Nxd5 Rc6 27.Nf6+ Rxf6 28.exf6 Qxa2
29.Bb1 Qa8 30.Bxg6 Be6 31.Be4 Qa3 32.b4 Rc8 33.Ra1 Qb3 34.Rb1 Qa2 35.Qb2 Qa7
36.Rc1 Rd8 37.Bb1 Qa4 38.Qc2 Qxc2 39.Rxc2 Bxb4 40.Bxb4 Rd1+ 41.Kf2 Rxb1 42.Bd6 Kh7
43.e4 Kg6 44.Be5 Rb5 45.Bd4 Ra5 46.Kg3 Rg5+ 47.Kf4 Ra5 48.Rb2 Ra4 49.Be5 Kh7
50.h4 h5 51.Rb5 Kh6 52.Bd6 Ra8 53.Rg5 Rd8 54.Be5 Re8 55.Rg7 Bd5 56.exd5 Rxe5
57.Rh7+  1-0

[Event "III Marcel Duchamp Boca Jun Op"]
[Site "Buenos Aires ARG"]
[Date "2013.06.26"]
[Round "6.18"]
[White "Beherens,Leonardo"]
[Black "Giampa,A"]
[Result "0-1"]
[WhiteElo "1984"]
[BlackElo "2219"]

1.d4 d5 2.c4 c6 3.Nc3 Nf6 4.Nf3 a6 5.a4 e6 6.e3 Be7 7.Bd3 a5 8.O-O Na6 9.b3 Nb4
10.Bb1 b6 11.Ne5 O-O 12.f4 c5 13.Rf3 dxc4 14.bxc4 Bb7 15.Rh3 g6 16.g4 Nd7
17.Nf3 Bf6 18.Be4 Rb8 19.Bb2 cxd4 20.exd4 Bg7 21.Bxb7 Rxb7 22.Qd2 Rc7 23.Qe2 Qc8
24.c5 bxc5 25.Nb5 Rc6 26.Na7 Qa6 27.Nb5 Qb6 28.Ne5 Nxe5 29.dxe5 Rd8 30.Rd1 Rxd1+
31.Qxd1 Rc8 32.Nd6 Rd8 33.f5 c4+ 34.Kg2 Nd3  0-1

[Event "TCh-MNE Prem 2013"]
[Site "Cetinje MNE"]
[Date "2013.06.26"]
[Round "3.6"]
[White "Draganic,V"]
[Black "Pejovic,J"]
[Result "0-1"]
[WhiteElo "2267"]
[BlackElo "2169"]

1.Nf3 d5 2.d4 c6 3.c4 Nf6 4.Nc3 a6 5.c5 Bf5 6.Qb3 Ra7 7.h3 h6 8.Bf4 Nbd7
9.e3 g5 10.Bh2 Bg7 11.Be2 Ne4 12.O-O O-O 13.Rad1 Bh7 14.Bd3 Nxc3 15.Qxc3 Bxd3
16.Rxd3 f5 17.Ne5 Nxe5 18.Bxe5 Bxe5 19.dxe5 e6 20.f4 Ra8 21.Qd4 Qe7 22.Rb3 Rf7
23.Rb6 Rg7 24.Kh2 g4 25.hxg4 Qh4+ 26.Kg1 Qxg4 27.Rf2 Rf8 28.Qd2 Rff7 29.Qe2 Qh4
30.Rf3 Qh5 31.Rf2 Rg4 32.Rf3 Rfg7 33.Qf2 Rxg2+ 34.Qxg2 Qxf3  0-1

[Event "3rd Big Slick IM"]
[Site "Purley ENG"]
[Date "2013.06.26"]
[Round "5"]
[White "Rudd,J"]
[Black "Sarakauskas,G"]
[Result "1/2-1/2"]
[WhiteElo "2280"]
[BlackElo "2404"]

1.d4 d5 2.c4 c6 3.Nf3 Nf6 4.Nc3 a6 5.e3 b5 6.c5 Bg4 7.h3 Bxf3 8.gxf3 Nbd7
9.f4 e6 10.Bd3 g6 11.Bd2 a5 12.Qc2 Bg7 13.a4 b4 14.Ne2 Nh5 15.O-O-O Rb8 16.b3 f5
17.Ng3 Nxg3 18.fxg3 Nf6 19.g4 Ne4 20.Be1 Bf6 21.h4 h5 22.g5  1/2-1/2

[Event "7th Varna Open 2013"]
[Site "Varna BUL"]
[Date "2013.06.27"]
[Round "9.28"]
[White "Talmaci,Alexandru"]
[Black "Talmaci,Alexandru"]
[Result "0-1"]
[WhiteElo "1581"]
[BlackElo "1581"]

1.d4 d5 2.c4 c6 3.Nc3 Nf6 4.Nf3 a6 5.a4 Bf5 6.cxd5 cxd5 7.Qb3 b6 8.Bg5 e6
9.Bxf6 gxf6 10.e3 Nc6 11.Be2 Bd6 12.Rc1 Na5 13.Qd1 h6 14.Bd3 Bxd3 15.Qxd3 f5
16.Ke2 Rg8 17.g3 Ke7 18.Rc2 f6 19.Rhc1 Qd7 20.Nd2 Qb7 21.Na2 b5 22.Qc3 b4
23.Nxb4 Qxb4 24.Qxb4 Bxb4 25.Rc7+ Kd6 26.R7c2 Bxd2 27.Kxd2 Nb3+ 28.Kd3 Nxc1+
29.Rxc1 Rgc8 30.Rb1 Rab8 31.b4 Rc4 32.Ke2 Rbxb4 33.Rd1 Rxa4 34.Rb1 Rab4 35.Ra1 Rc6
36.Kf3 Rb5 37.Kg2 a5 38.Kh3 Rc4 39.Kh4 Rc2 40.Kh5 Rxf2 41.h4 Rf3 42.Kxh6 Rxg3  0-1

[Event "DC International"]
[Site "Arlington USA"]
[Date "2013.06.28"]
[Round "4.1"]
[White "Holt,C"]
[Black "Enkhbat,T1"]
[Result "0-1"]
[WhiteElo "2530"]
[BlackElo "2428"]

1.d4 d5 2.c4 c6 3.Nf3 Nf6 4.Nc3 a6 5.e3 b5 6.b3 Bg4 7.Bd2 e6 8.h3 Bxf3 9.Qxf3 Nbd7
10.Bd3 Be7 11.g4 b4 12.Na4 e5 13.Qg2 exd4 14.exd4 O-O 15.O-O dxc4 16.Bxc4 c5
17.Be3 cxd4 18.Bxd4 Bd6 19.Rad1 Qc7 20.g5 Nh5 21.Bxf7+ Rxf7 22.Qxa8+ Nf8
23.Bb6 Qe7 24.Rfe1 Qxg5+ 25.Qg2 Qh6 26.Be3 Bf4 27.Rd8 Bxe3 28.fxe3 Qf6 29.Ra8 Qe5
30.Qg4 Nf4 31.Rd8 h5 32.Qh4 Ng6 33.Rxf8+ Rxf8 34.Qc4+ Kh8 35.Kg2 Qg5+ 36.Kh1 Rf2
37.Rg1 Qf5 38.Rg3 Qb1+ 39.Rg1 Qf5 40.Rg3 h4 41.Rg4 Rf1+ 42.Kh2 Rd1 43.Qc5 Rd5
44.Qc7 Kh7 45.Qc1 Qe5+ 46.Kg2 Qd6 47.Qb1 Rd2+ 48.Kf3 Kh6 49.Qxg6+ Qxg6 50.Rxh4+ Qh5+
51.Rxh5+ Kxh5 52.Nc5 Rxa2 53.e4 a5 54.Ke3 Rh2 55.Kd4 Rxh3 56.e5 Kg6 57.Kd5 Kf7
58.Kd6 Re3 59.Nb7 Rd3+ 60.Kc6 Rxb3 61.Kd7 Re3 62.Nd8+ Kg8 63.e6 b3 64.e7 Rxe7+
65.Kxe7 b2  0-1

[Event "Mukachevo Summer"]
[Site "Mukachevo UKR"]
[Date "2013.06.28"]
[Round "7.4"]
[White "Ovsejevitsch,S"]
[Black "Mihalichenko,B"]
[Result "1-0"]
[WhiteElo "2562"]
[BlackElo "2393"]

1.d4 d5 2.c4 c6 3.Nf3 Nf6 4.Nc3 a6 5.c5 g6 6.Bf4 Bg7 7.h3 O-O 8.e3 Nbd7 9.Rc1 Ne8
10.Be2 Nc7 11.O-O Re8 12.Bh2 e5 13.dxe5 Nxe5 14.e4 Nxf3+ 15.Bxf3 d4 16.Na4 Be5
17.Bxe5 Rxe5 18.Qd2 Ne6 19.Nb6 Ng5 20.Qf4 Nxf3+ 21.Qxf3 Rb8 22.Qf4 Qc7 23.Nc4 Re7
24.Qxc7 Rxc7 25.Rfd1 f5 26.Rxd4 Be6 27.exf5 Bxf5 28.Re1 Rf8 29.Nd6 h5 30.Re5 Bb1
31.a3 Kh7 32.f3 Rd7 33.Rd1 Ba2 34.Rde1 Rg8 35.Ne8 Rf7 36.Re7 Kh6 37.Nd6 Rf4
38.Rxb7 a5 39.Ree7 h4 40.Ne4 g5 41.Nc3 Bc4 42.b3 Bd3 43.Kf2 Bc2 44.Ke3 Rd8
45.Re6+ Bg6 46.Ne4 Kh5 47.Nf6+ Kh6 48.Ng4+ Kh5 49.Rh7+  1-0

[Event "Visma IMA 2013"]
[Site "Vaxjo SWE"]
[Date "2013.06.28"]
[Round "5.3"]
[White "Carstensen,J"]
[Black "Sriram,J"]
[Result "0-1"]
[WhiteElo "2377"]
[BlackElo "2417"]

1.d4 d5 2.c4 c6 3.Nf3 Nf6 4.Nc3 a6 5.c5 Bf5 6.Bf4 Nbd7 7.h3 e6 8.e3 Be7 9.Bd3 O-O
10.Bxf5 exf5 11.g4 fxg4 12.hxg4 Nxg4 13.Qc2 f5 14.O-O-O b6 15.cxb6 Nxb6 16.Rdg1 g6
17.Rxg4 fxg4 18.Ne5 Rf5 19.Nxg4 Bf8 20.Rg1 Bg7 21.Be5 Qf8 22.f4 Nc4 23.Bxg7 Kxg7
24.b3 Rxf4 25.Nd1 Rxg4 26.Rxg4 Nd6 27.Kb2 Qf5 28.Qe2 Re8 29.Rg2 a5 30.Rf2 Qc8
31.Qf3 Nf5 32.Rc2 Qe6 33.Rc3 h5 34.a4 Qe4 35.Qf1 Re6 36.Qa6 Qf3 37.Kc1 Nxe3
38.Qa7+ Kh6 39.Nxe3 Rxe3 40.Rxe3 Qxe3+ 41.Kc2 Qe2+ 42.Kc3 Qf3+ 43.Kb2 Qf2+
44.Ka3 Qe1 45.Kb2 h4 46.Qc5 Qd2+ 47.Kb1 Qd3+ 48.Kb2 h3 49.Qf8+ Kh5 50.Qh8+ Kg4
51.Qc8+ Qf5 52.Qc7 Qf2+ 53.Ka3 h2 54.Qh7 Qc2 55.Qh6 g5 56.Qe6+ Qf5 57.Qe2+ Kh3
58.Qe3+ Kh4 59.Qe1+ Kh3 60.Qe3+ Kg2 61.Qd2+ Kg1 62.Qc1+ Kf2 63.Qd2+ Kg3 64.Qe3+ Qf3
65.Qxg5+ Kh3 66.Qh6+ Kg2 67.Qd2+ Qf2 68.Qg5+ Kh1 69.Qc1+ Qg1 70.Qc3 Qd1 71.b4 Kg2
72.Qb2+ Kg1  0-1

[Event "Visma IMA 2013"]
[Site "Vaxjo SWE"]
[Date "2013.06.29"]
[Round "7.4"]
[White "Pettersson,Anders1"]
[Black "Sriram,J"]
[Result "1/2-1/2"]
[WhiteElo "2279"]
[BlackElo "2417"]

1.d4 d5 2.c4 c6 3.Nf3 Nf6 4.Nc3 a6 5.a4 e6 6.g3 Bb4 7.Qb3 a5 8.Bg2 Nbd7 9.O-O O-O
10.c5 b6 11.cxb6 Qxb6 12.Bg5 Ba6 13.Bxf6 Nxf6 14.Ne5 Qxd4 15.Nxc6 Qc5 16.Nxb4 axb4
17.Na2 Bxe2 18.Rfc1 Qa5 19.Nxb4 Rfb8 20.Nc6 Rxb3 21.Nxa5 Rxb2 22.Nc6 Ne8
23.a5 Nd6 24.Bf1 Bxf1 25.Kxf1 Ra6 26.Ne5 Rb8 27.Rc6 Rba8 28.Rb1 Rxc6 29.Nxc6 Kf8
30.Rb8+ Rxb8 31.Nxb8 Nb5 32.a6 Na7 33.Nd7+ Ke7 34.Ne5 f6 35.Nd3 Kd6 36.Nf4 g6
37.h4 e5 38.Nd3 Kc6 39.g4 Kb6 40.Nb4 Kc5 41.Nd3+ Kb5 42.g5 fxg5 43.hxg5 e4
44.Nf4 d4 45.Ne6 Kc4 46.Ke1 Kc3 47.Nc5 Kc2 48.Nxe4 d3 49.Nd2 Nb5 50.f3  1/2-1/2

[Event "Klatov Open A 2013"]
[Site "Klatovy CZE"]
[Date "2013.06.30"]
[Round "2.3"]
[White "Svoboda,V2"]
[Black "Bartos,J"]
[Result "1-0"]
[WhiteElo "2412"]
[BlackElo "2196"]

1.d4 d5 2.Nf3 Nf6 3.c4 c6 4.Nc3 a6 5.e3 Bf5 6.Qb3 b5 7.cxd5 cxd5 8.Nh4 Bg6
9.Nxg6 hxg6 10.a4 b4 11.Qxb4 Nc6 12.Qb3 Na5 13.Qd1 Qb6 14.b4 Qxb4 15.Bd2 Qd6
16.Rb1 e6 17.Qf3 Qc6 18.Nb5 Qb6 19.Qf4 Rc8 20.Nc7+ Qxc7 21.Qxc7 Rxc7 22.Bxa5 Rc6
23.Bd3 Bd6 24.g3 g5 25.O-O Ng4 26.Be2 Nxh2 27.Rfc1 Rxc1+ 28.Rxc1 g4 29.Rc8+  1-0

[Event "Visma IMA 2013"]
[Site "Vaxjo SWE"]
[Date "2013.06.30"]
[Round "9.2"]
[White "Johansson,Linus"]
[Black "Bellon Lopez,JuM"]
[Result "1/2-1/2"]
[WhiteElo "2347"]
[BlackElo "2369"]

1.d4 d5 2.c4 c6 3.Nf3 Nf6 4.Nc3 a6 5.c5 Nbd7 6.Bf4 Nh5 7.Qd2 Nxf4 8.Qxf4 e6
9.e4 Qf6 10.Qe3 Be7 11.e5 Qh6 12.Qxh6 gxh6 13.b4 b6 14.Rc1 bxc5 15.bxc5 f6
16.exf6 Bxf6 17.Bd3 O-O 18.O-O e5 19.dxe5 Nxe5 20.Nxe5 Bxe5 21.Na4 Bf5 22.Bxf5 Rxf5
23.Nc3 Rb8 24.Rc2 a5 25.Rb1 Rff8 26.g3 Rxb1+ 27.Nxb1 Rb8 28.Nd2 a4 29.Kf1 Rb5
30.Nf3 Bf6 31.Ne1 Kf7 32.Nd3 a3 33.Ke2 Ke7 34.Kd2 Bd4 35.Rc1 Kd7 36.Ke2 Kc7
37.f4 h5 38.Kf3 Ra5 39.h3 Ra4 40.Rb1 Rc4 41.Rb3 Bxc5 42.Nxc5 Rxc5 43.Rxa3 Kd6
44.g4 hxg4+ 45.hxg4 h6 46.f5 Rc1 47.Re3 d4 48.Re6+ Kd5 49.Rxh6 c5 50.Rh2 d3
51.Ke3 c4 52.f6 Re1+ 53.Kd2 Rf1 54.g5 Kd4 55.Rh4+ Kd5 56.Rg4 Rf2+ 57.Ke3 Re2+
58.Kf3 Re1 59.Rg2 c3 60.f7 d2 61.f8=Q d1=Q+ 62.Kg3 Re3+ 63.Kh2 Qh5+ 64.Kg1 Re1+
65.Kf2 Re2+ 66.Kf1 Qh1+ 67.Kxe2 Qxg2+ 68.Ke1 Qd2+ 69.Kf1 Qd3+ 70.Ke1 Qe3+
71.Kf1 c2 72.Qf5+ Kd4 73.Qxc2 Qxg5 74.Qa4+ Kc3 75.Qb3+ Kd2 76.Qb4+ Kd3 77.Qb3+ Kd2
78.Qb2+  1/2-1/2

[Event "4th AIMAG Men"]
[Site "Incheon KOR"]
[Date "2013.07.02"]
[Round "5.5"]
[White "Jumabayev,R"]
[Black "Megaranto,S"]
[Result "1/2-1/2"]
[WhiteElo "2548"]
[BlackElo "2524"]

1.Nf3 d5 2.d4 Nf6 3.c4 c6 4.Nc3 a6 5.e3 g6 6.Bd3 Bg7 7.h3 O-O 8.O-O b5 9.cxd5 cxd5
10.Bd2 Nc6 11.a4 b4 12.Na2 a5 13.Nc1 Qd6 14.Bb5 Na7 15.Bd3 Nc6 16.Bb5 Na7
17.Be2 Nc6 18.Nb3 e5 19.Bb5 exd4 20.exd4 Ne4 21.Bf4 Qxf4 22.Bxc6 Ra7 23.Bxd5 Rd8
24.Qc1 Qf5 25.Bxe4 Qxe4 26.Qc5 Qa8 27.Rfe1 Be6 28.Re3 Bh6 29.Rxe6 fxe6 30.Re1 Bf8
31.Qg5 Qd5 32.Re5 Qd7 33.h4 Bd6 34.Re3 Rf8 35.g3 Qxa4 36.d5 Raf7 37.dxe6 Rxf3
38.e7 Bxe7 39.Qd5+ R3f7 40.Rxe7 Kg7 41.Qd4+ Kg8 42.Qd5 Kg7 43.Qd4+ Kg8  1/2-1/2

[Event "41st TCh-GRE"]
[Site "Rio (Achaia) GRE"]
[Date "2013.07.03"]
[Round "3.1"]
[White "Gajewski,G"]
[Black "Postny,E"]
[Result "1/2-1/2"]
[WhiteElo "2653"]
[BlackElo "2645"]

1.d4 d5 2.c4 c6 3.Nf3 Nf6 4.Nc3 a6 5.h3 e6 6.Bg5 Be7 7.e3 Nbd7 8.Be2 dxc4
9.a4 O-O 10.O-O h6 11.Bf4 Nd5 12.Bxc4 Nxf4 13.exf4 c5 14.dxc5 Qc7 15.f5 Nxc5
16.Qe2 Bf6 17.Rac1 Qb6 18.Ne5 Qd6 19.Rfe1 Bxe5 20.Qxe5 Qxe5 21.Rxe5 Nd7 22.Re2 exf5
23.Nd5 Nc5 24.Nb6 Rb8 25.Bd5 Ne4 26.Nxc8 Rfxc8 27.Rxc8+ Rxc8 28.Bxb7 Rc1+
29.Kh2 a5 30.g4 Rc7 31.Ba6 Nc5 32.Bb5 fxg4 33.Re8+ Kh7 34.hxg4 g5 35.Ra8 Nb3
36.Be2 Kg7 37.Bd1 Rb7 38.Bxb3 Rxb3 39.Rxa5 Rxb2 40.Kg2  1/2-1/2

[Event "2nd Arberopen 2013"]
[Site "Bayerisch Eisenstein GER"]
[Date "2013.07.05"]
[Round "7.11"]
[White "De Andres Gonalons,F"]
[Black "Wimmer,A"]
[Result "1/2-1/2"]
[WhiteElo "2099"]
[BlackElo "2027"]

1.d4 d5 2.c4 c6 3.Nf3 Nf6 4.Nc3 a6 5.c5 Nbd7 6.g3 g6 7.Bh3 Bg7 8.Bf4 O-O
9.O-O h6 10.Bg2 Nh5 11.Be3 Re8 12.Na4 e5 13.dxe5 Nxe5 14.Nxe5 Rxe5 15.Nb6 Ra7
16.Bd4 Re8 17.Bxg7 Nxg7 18.e3 Bf5 19.Qc1 Ne6 20.Qc3 Nf8 21.Rfd1 Nd7 22.Rd4 Nxb6
23.cxb6 Qxb6 24.Rad1 Raa8 25.Rh4 Kh7 26.Qf6 Be6 27.Rdd4 h5 28.Rxh5+ gxh5
29.Rh4 Bg4 30.Bh3 Kg8 31.Bxg4 Qd8 32.Qh6 Re5 33.Bxh5 Rf5 34.Bg6 fxg6 35.Qh7+ Kf8
36.Qxb7 Rh5 37.Rf4+ Rf5 38.Rh4 Rh5 39.Rf4+  1/2-1/2

[Event "VIII Wroclaw Open A 2013"]
[Site "Wroclaw POL"]
[Date "2013.07.05"]
[Round "5.8"]
[White "Sadzikowski,D"]
[Black "Balinski,D"]
[Result "1-0"]
[WhiteElo "2457"]
[BlackElo "2121"]

1.d4 Nf6 2.Nf3 d5 3.c4 c6 4.Nc3 a6 5.e3 b5 6.b3 Bg4 7.Be2 e6 8.h3 Bb4 9.Bd2 Bh5
10.O-O Bd6 11.Ne5 Bxe2 12.Nxe2 c5 13.Nc3 dxc4 14.bxc4 b4 15.Na4 Bxe5 16.dxe5 Nfd7
17.f4 Nc6 18.Be1 Qc7 19.Bh4 O-O 20.Rf2 Rfe8 21.Rd2 Nf8 22.Rd6 Na5 23.Qc2 Nb7
24.Rd3 Ng6 25.Bg3 Rad8 26.Rad1 Qc6 27.Rxd8 Rxd8 28.Rxd8+ Nxd8 29.e4 f6 30.exf6 gxf6
31.f5 exf5 32.exf5 Ne5 33.Qd1 Ndf7 34.Bf2 Qe4 35.Nxc5 Qxc4 36.Qd2 a5 37.Be3 Qh4
38.Bf4 Qh5 39.Bxe5 fxe5 40.Qd7 Qh6 41.Ne6  1-0